000
00303nam a2200133Ia 4500
005
20251222144713.0
008
251222s9999||||xx |||||||||||||| ||spa||
020
_a
84-261-2773-8
082
_a
923.204.2/P24
100
_a
Paoli, Pia
245
0
_a
Margaret Thatcher
264
_b
Juventud
942
_c
LIB
999
_c
17921
_d
17921